000 01904cam a22005054i 4500
003 PE-LiUPU
005 20250731184603.0
008 150616s r 000 0 d
035 _a(Sirsi) a5360
040 _aPE-LiUPU
_bspa
_cPE-LiUPU
_erda
049 _aPRUA
082 0 4 _a985
_bL29
_221
100 1 _aLaos, Cipriano A.,
_eautor.
245 1 0 _aLima, la ciudad de los virreyes :
_bEl libro peruano [para] 1928-1929. /
_cCipriaano A. Laos, Bajo el alto patronato del Touring Club Peruano.
264 1 _a[Lima] :
_bEditorial Perú,
_c[1928?]
300 _a848 páginas :
_bilustraciones mapas, fotos, grabados, láms. ;
_c26 cm.
336 _atext
_2rdacontent
337 _aunmediated
_2rdamedia
338 _avolume
_2rdacarrier
500 _a"Bajo el alto patronato del Touring Club Peruano".
505 0 _aLima: descripción -- Correos y telégrafos del Perú -- Lima institucional -- Lima educacional -- El culto peruano -- El culto extranjero -- Descripción de departamentos.
526 _aP136
526 _aP135
526 _aP134
526 _aP133
526 _aP144
526 _aP143
526 _aP87
526 _aP35
526 _aP20
526 _aP14
526 _aP10
526 _aP06
651 _aLima (Peru)
_vRegistros.
651 _aLima (Perú)
_vDirectorios.
651 _aLima (Perú)
_xDescripciones y viajes
710 2 _aTouring y Automóvil Club del Perú.
910 _ajck
_bjvq
_cjck
942 _2ddc
_cBOOK
949 _a985 L29
_wDEWEY
_c1
_i00410
_lCCODEBUL1
_mBUL
_p00.00
_r0
_sY
_tBOOK
_u2015-04-23
_xEDUCACION
_PP20
_0COMPRA
_o.STAFF. Colección General
994 _aC0
_bPEPRU
596 _a1
999 _a985 L29
_wDEWEY
_c56308
_i00410
_f2021-11-8
_g5
_lCCODEBUL1
_mBUL
_r0
_sY
_tBOOK
_u2015-4-23
_xBIBLIOTECA
_PP20
_0COMPRA
_o.STAFF. Colección General
_d56308
980 _81
_gALBERTO SANCHEZ Responsable de Automatización